[Event "Canadian op"]
[Site "Edmonton"]
[Date "2009.07.11"]
[Round "1.73"]
[White "Aird, Ian"]
[Black "Bansal, Prabjeet"]
[Result "1/2-1/2"]
[WhiteElo "2031"]
[BlackElo "1394"]
[PlyCount "67"]
[EventDate "2009.07.11"]
[EventType "swiss"]
[EventRounds "9"]
[EventCountry "CAN"]
[SourceTitle "EXT 2022"]
[Source "ChessBase"]
[SourceDate "2021.10.06"]
[SourceVersion "1"]
[SourceVersionDate "2021.10.06"]
[SourceQuality "1"]

1. Nf3 d5 2. g3 Nf6 3. Bg2 Nc6 4. d4 e6 5. 0-0 Bd6 6. b3 0-0 7. Bb2 Re8 8. Ne5 Bd7 9. e3 Be7 10. Nd2 Bb4 11. c3 Be7 12. Qe2 Nxe5 13. dxe5 Ne4 14. Nxe4 dxe4 15. Bxe4 c6 16. Rad1 Qc7 17. c4 Rad8 18. Rd4 Bc5 19. Rd3 Bc8 20. Rfd1 b5 21. Rxd8 Rxd8 22. Rxd8+ Qxd8 23. Bxc6 bxc4 24. Qxc4 Qb6 25. Bf3 Ba6 26. Qe4 h6 27. Qa8+ Kh7 28. Be4+ g6 29. Qe8 Kg7 30. Kg2 Bb7 31. Bf3 Qa6 32. Qa4 Qe2 33. Bxb7 Qxb2 34. Qf4 1/2-1/2